[Event "GER-chT U20 Girls"]
[Site "Osnabrueck"]
[Date "2018.12.29"]
[Round "6.4"]
[White "Gesell, Myriam"]
[Black "Wetzler, Sophia"]
[Result "0-1"]
[WhiteElo "769"]
[BlackElo "1719"]
[PlyCount "116"]
[EventDate "2018.12.27"]
[EventType "team-swiss"]
[EventRounds "7"]
[EventCountry "GER"]
[SourceTitle "CBM 188 Extra"]
[Source "ChessBase"]
[SourceDate "2019.02.26"]
[SourceVersion "1"]
[SourceVersionDate "2019.02.26"]
[SourceQuality "1"]
[WhiteTeam "Guestrow/Teterow"]
[BlackTeam "Regensburg Bavaria"]
[WhiteTeamCountry "GER"]
[BlackTeamCountry "GER"]

1. e4 e5 2. Nf3 Nc6 3. Bc4 d6 4. d3 Bg4 5. Nc3 Nf6 6. h3 Bh5 7. Be3 Be7 8. Qe2 h6 9. 0-0-0 a6 10. Rhg1 g5 11. g4 Bg6 12. d4 Nxe4 13. Nxe4 Bxe4 14. dxe5 Bxf3 15. Qxf3 Nxe5 16. Qe2 b5 17. Bd5 c6 18. Bg2 Qa5 19. Kb1 Rc8 20. Bd4 f6 21. Rge1 Kf7 22. Bxe5 dxe5 23. Be4 Qc7 24. Qf3 c5 25. Bf5 Rcd8 26. Rxd8 Rxd8 27. Kc1 Qa5 28. Rd1 Qxa2 29. Rxd8 Qa1+ 30. Kd2 Qa5+ 31. c3 Qxd8+ 32. Kc2 Qd6 33. Qd3 Qxd3+ 34. Kxd3 c4+ 35. Kc2 Bc5 36. b4 cxb3+ 37. Kxb3 Bxf2 38. Kb4 Be1 39. Bc8 a5+ 40. Kxb5 Bxc3 41. Bb7 Ke6 42. Be4 Kd6 43. Bf3 a4 44. Kxa4 Kc5 45. Kb3 Kd4 46. Bc6 Be1 47. Bd7 e4 48. Bb5 e3 49. Kc2 Ke4 50. Be2 Kf4 51. Kd3 Bd2 52. Bd1 Kg3 53. Ke4 Kxh3 54. Kf5 Kg3 55. Kxf6 Kf2 56. Kg6 e2 57. Bxe2 Kxe2 58. Kxh6 Kf3 0-1

[Event "GER-chT U20 Girls"]
[Site "Osnabrueck"]
[Date "2018.12.28"]
[Round "4.4"]
[White "Gesell, Myriam"]
[Black "Neumann, Tina"]
[Result "0-1"]
[WhiteElo "769"]
[BlackElo "1501"]
[PlyCount "86"]
[EventDate "2018.12.27"]
[EventType "team-swiss"]
[EventRounds "7"]
[EventCountry "GER"]
[SourceTitle "CBM 188 Extra"]
[Source "ChessBase"]
[SourceDate "2019.02.26"]
[SourceVersion "1"]
[SourceVersionDate "2019.02.26"]
[SourceQuality "1"]
[WhiteTeam "Guestrow/Teterow"]
[BlackTeam "Meuselwitz"]
[WhiteTeamCountry "GER"]
[BlackTeamCountry "GER"]

1. e4 d5 2. exd5 Qxd5 3. Nc3 Qa5 4. d4 Nf6 5. Nf3 Bf5 6. Bd2 c6 7. Ne4 Qc7 8. Nc3 e6 9. Bc4 Bd6 10. h3 Nbd7 11. 0-0 0-0-0 12. Be3 h6 13. Qd2 g5 14. Ne2 Ne4 15. Qe1 g4 16. Nh4 gxh3 17. f4 hxg2 18. Nxg2 Rdg8 19. Kh2 Ndf6 20. Kh1 Bh3 21. Rg1 Ng4 22. Bc1 Nef2+ 23. Qxf2 Nxf2+ 24. Kh2 Bxg2 25. Rxg2 Rxg2+ 26. Kxg2 Ne4 27. Be3 Qd8 28. Kf3 Nf6 29. Rd1 Nd5 30. c3 Nxe3 31. Kxe3 Qh4 32. Rf1 Rg8 33. Kd2 Rg2 34. f5 Qg5+ 35. Kd1 Qf6 36. Bd3 Kc7 37. b4 h5 38. a3 h4 39. c4 Kb8 40. d5 Qa1+ 41. Nc1 Qc3 42. Nb3 Qxd3+ 43. Ke1 Qe2# 0-1